20 Rappeurs Français Par Images - Statistiques

Statistiques générales
  • Ce quiz a été pris 153 fois
  • Le résultat moyen est 17 sur 20
Statistiques - réponses
Par images Réponse % Correct
gims
100%
jul
99%
sch
98%
kaaris
96%
naps
95%
ninho
95%
sdm
95%
niska
94%
koba lad
93%
gazo
92%
hamza
91%
tiakola
91%
zola
90%
dadju
88%
favé
85%
alonzo
71%
franglish
62%
guy2bezbar
55%
keblack
55%
la mano 1.9
49%
Aucun quiz correspondant
Distribution des résultats
% des personnes avec chaque résultat
Percentile par nombre de réponses
Votre historique - résultats
Vous n’avez pas pris ce quiz